The Cambridge guide to teaching English to speakers of other languages

Saved in:
Bibliographic Details
Other Authors: Carter, Ronald, 1947-2018 (Editor), Nunan, David (Editor)
Format: Book
Language:English
Published: Cambridge : Cambridge University Press, 2001
Subjects:
Tags: Add Tag
No Tags, Be the first to tag this record!

MARC

LEADER 00000cam a2200000 i 4500
001 1/65830
008 030205s2002 eng d
020 |a 0-521-80516-3 
035 |l 10075288 
040 |a GR-MY-UA  |b gre  |e aacr 
041 0 |a eng 
082 0 |a 428.0071 
245 1 4 |a The Cambridge guide to teaching English to speakers of other languages /  |c edited by Ronald Carter, David Nunan 
260 |a Cambridge :   |b Cambridge University Press,   |c 2001 
300 |a 294 p.;  |c 26 cm. 
504 |a Includes bibliographical references and index 
650 0 0 |a English language  |x Study and teaching  |x Foreign speakers. 
700 1 |a Carter, Ronald,   |d 1947-2018.  |4 edt 
700 1 |a Nunan, David.  |4 edt 
852 |a INST  |b CHIOS  |e 20041116  |h 428.0071 CAM  |p 005200017435  |q 005200017435  |t BK  |y 0 
852 |a INST  |b LESVOS  |e 20030205  |h 428.0071 CAM  |p 005100025012  |q 005100025012  |t BK  |y 0 
901 |a BIBL1-2003-1 
901 |a BIBL2-2004-3 
909 |a Λ  |b 103064 
909 |a Χ  |b 116470 
922 |a 1ΕΛΗ  |b 200211  |c ΕΠΕΑΕΚ2/ΤΓ  |d ΠΑΠΑΣΩΤΗΡΙΟΥ & ΕΛΕΥΘΕΡΟΥΔΑΚΗΣ 
922 |a 2ΕΛΗ  |b 200411  |c ΤΔΕ  |d ΜΙΧΑΛΟΠΟΥΛΟΣ 
950 |a 112-2004-09-16 
970 |a ΚΑΜΑΤΣΟΥ  |b ΔΕΣΠΟΙΝΑ  |z 2003/02/05